Report of the Joint Committee on Trade, Industry and Tourism and Youth, Sports and Culture on the 2024 Annual Budget Estimates of the Ministry of Tourism, Arts and Culture (MoTAC) (Record no. 4006)
[ view plain ]
| 000 -LEADER | |
|---|---|
| fixed length control field | 00673nam a2200145Ia 4500 |
| 008 - FIXED-LENGTH DATA ELEMENTS--GENERAL INFORMATION | |
| fixed length control field | 240429s9999||||xx |||||||||||||| ||und|| |
| 041 ## - LANGUAGE CODE | |
| Language code of text/sound track or separate title | eng |
| 082 ## - DEWEY DECIMAL CLASSIFICATION NUMBER | |
| Classification number | CR/MoTAC/24 |
| 100 ## - MAIN ENTRY--PERSONAL NAME | |
| Personal name | Ministry of Tourism, Arts & Culture (MoTAC) |
| 245 #0 - TITLE STATEMENT | |
| Title | Report of the Joint Committee on Trade, Industry and Tourism and Youth, Sports and Culture on the 2024 Annual Budget Estimates of the Ministry of Tourism, Arts and Culture (MoTAC) |
| 300 ## - PHYSICAL DESCRIPTION | |
| Extent | 15p; tab |
| 650 ## - SUBJECT ADDED ENTRY--TOPICAL TERM | |
| Topical term or geographic name entry element | Report Of The Joint Committee On Trade, Industry And Tourism And Youth, Sports And Culture - on the 2024 Annual Budget Estimates of the Ministry of Tourism, Arts and Culture (MoTAC) |
| 942 ## - ADDED ENTRY ELEMENTS (KOHA) | |
| Koha item type | Committee Reports |
| Withdrawn status | Lost status | Damaged status | Not for loan | Home library | Current library | Shelving location | Date acquired | Total checkouts | Full call number | Date last seen | Copy number | Price effective from | Koha item type |
|---|---|---|---|---|---|---|---|---|---|---|---|---|---|
| Main Library | Main Library | Open Shelves | 09/01/2024 | CR/MoTAC/24 8187 C1 - CR/MoTAC/24 8188 C2 - CR/MoTAC/24 8189 C3 - CR/MoTAC/24 8190 C4 | 29/04/2024 | 1 | 29/04/2024 | Committee Reports |